Sehenswürdigkeiten weltweit #1 - Statistiken

Allgemein
  • Dieses Quiz wurde 1.449 mal gespielt
  • Das Durchschnittsergebnis liegt bei 7 aus 12
Antwortstatistiken
Bildquiz Antwort % Korrekt
Chinesische Mauer
91%
Golden Gate Bridge
90%
Amazonas
87%
Pyramiden von Gizeh
80%
Taj Mahal
74%
Parthenon
59%
Sagrada Familia
55%
Uluru
45%
Viktoriafälle / Victoriafälle
25%
Schloss Schönbrunn
18%
The Shard
18%
Basilius Kathedrale
11%
Keine übereinstimmenden Quizze gefunden
Verteilung der Resultate
Anzahl Personen mit jedem Resultat
Perzentil nach korrekt beantworteten Fragen
Ihre Resultats-Entwicklung
Sie haben dieses Quiz noch nicht gespielt